000 00347nam a2200121Ia 4500
005 20260326100026.0
008 260326s9999||||xx |||||||||||||| ||und||
100 _aKatzman, Israel
245 0 _aArquitectura Contemporánea Mexicana /
_cIsrael Katzman
260 _bInstituto Nacional de Antropología
650 _aARQUITECTURA REGIONAL
942 _cBK
999 _c6397
_d6397